Tras el asesinato, aparatos clandestinos en la policía /

El texto trata sobre el asesinato de tres diputados salvadoreñas en Guatemala, y cómo esto ha evidenciado la magnitud del comportamiento criminal existente en las instituciones de seguridad guatemaltecas. Y crea tensiones en las relaciones entre los países vecinos, especialmente con El Salvador

Gespeichert in:
Bibliographische Detailangaben
1. Verfasser: Ibarra, Carmen Aída
Format: Text
Schlagworte:
Tags: Tag hinzufügen
Keine Tags, Fügen Sie den ersten Tag hinzu!

MARC

LEADER 00000 a a2200000 04500
001 7191
003
040
100 |a Ibarra, Carmen Aída  
245 |a Tras el asesinato, aparatos clandestinos en la policía /  |c Carmen Aída Ibarra 
520 |a El texto trata sobre el asesinato de tres diputados salvadoreñas en Guatemala, y cómo esto ha evidenciado la magnitud del comportamiento criminal existente en las instituciones de seguridad guatemaltecas. Y crea tensiones en las relaciones entre los países vecinos, especialmente con El Salvador  
650 |a VIOLENCIA  
650 |a CRISIS  
650 |a SEGURIDAD  
650 |a POLICIA  
650 |a CORRUPCION  
650 |a CRIMEN ORGANIZADO  
650 |a TRAFICO DE DROGAS  
650 |a GUATEMALA  
773 |g volumen 26, número 300; páginas 38-41  
999 |c 23756  |d 23756